Movies Missing 8-Letter Words Quiz Stats

 Plays Quiz Updated Apr 11, 2016

Challenge
Share
Tweet
Embed
Score 0/40 Timer 05:00
1 Play Today
Title Missing % Correct
___ PieAmerican
96.4%
Brokeback ___Mountain
96.2%
V for ___Vendetta
94%
Dazed and ___Confused
91.2%
___ of ArabiaLawrence
88.8%
Silver Linings ___Playbook
88.4%
Young ___ HolmesSherlock
88.3%
The Last of the ___Mohicans
85.9%
Forgetting Sarah ___Marshall
85.3%
Inglourious ___Basterds
84.5%
___ Treasure: Book of SecretsNational
84.1%
National Lampoon's ___Vacation
83.4%
Fear and ___ in Las VegasLoathing
82.4%
___ DynamiteNapoleon
82.4%
Fried Green ___Tomatoes
82.2%
Basic ___Instinct
80.3%
An Affair to ___Remember
78.3%
Star Trek Into ___Darkness
78.3%
Wedding ___Crashers
77.2%
The Last King of ___Scotland
70.5%
Title Missing % Correct
The ___ from the Black LagoonCreature
70.2%
The Best Exotic ___ HotelMarigold
69.1%
Muppet ___ IslandTreasure
68.3%
Terminator 2: ___ DayJudgment
68.3%
From Here to ___Eternity
67.7%
___ Zone: The MovieTwilight
63.2%
Say ___...Anything
61.9%
___ TroopersStarship
61.8%
The ___ WivesStepford
61.6%
Sky Captain and the World of ___Tomorrow
54.1%
Nick and Norah's ___ PlaylistInfinite
51.3%
Birdman of ___Alcatraz
50.3%
The Virgin ___Suicides
50.3%
Vicky ___ BarcelonaCristina
49.7%
___ MononokePrincess
48.5%
___ of FireChariots
46.7%
Gods and ___Monsters
43.8%
___ at the O.K. CorralGunfight
43.5%
___ in the Garden of Good and EvilMidnight
41.8%
Henry: ___ of a Serial KillerPortrait
37.4%

You're not logged in!

Compare scores with friends on all Sporcle quizzes.
Join for Free
OR
Log In

You Might Also Like...

Show Comments

Extras

Top Quizzes Today


Score Distribution

Your Account Isn't Verified!

In order to create a playlist on Sporcle, you need to verify the email address you used during registration. Go to your Sporcle Settings to finish the process.

Report this User

Report this user for behavior that violates our Community Guidelines.

Details: